Peths of Pune - Statistics

General Stats
  • This quiz has been taken 9 times
  • The average score is 12 of 17
Answer Stats
Answer % Correct
Budhwar
100%
Mangalwar
100%
Somwar
100%
Kasba
100%
Raviwar
100%
Shaniwar
100%
Shukrawar
100%
Guruwar
80%
Navi
80%
Nana
60%
Rasta
60%
Sadashiv
60%
Bhavani
40%
Ganesh
40%
Ganj
40%
Ghorpade
40%
Narayan
20%
No matching quizzes found
Score Distribution
Percent of People with Each Score
Percentile by Number Answered
Your Score History
You have not taken this quiz